Geschiedenis van Nederlandsch-Indië /

Saved in:
Bibliographic Details
Other Authors: Stapel, F.W. (Frederik Willem)
Format: Book
Language:Dutch
Published: Amsterdam : Joost van den Vondel, 1938-1939.
Subjects:
LEADER 02183nam a2200325 a 4500
001 c000375906
003 CARM
005 00000000000000.0
008 800103m19381939ne 00010 dut d
019 1 |a 3214084  |z 27352204  |5 LACONCORD2021 
035 |a (OCoLC)3423844  |5 LACONCORD2021 
043 |a a-io--- 
245 0 0 |a Geschiedenis van Nederlandsch-Indië /  |c onder leiding van F.W. Stapel. 
260 |a Amsterdam :  |b Joost van den Vondel,  |c 1938-1939. 
300 |a 6 v. :  |b ill., maps. 
505 0 |a d. 1. Praehistorie / A.N.J. Thomassen a Thuessink van der Hoop. De Hindoe-Javaansche tijd / N.J. Krom. De verbreiding van den Islam / R.A. Kern -- d. 2. Javaansche geschiedschrijving / C.C. Berg. Portugeezen en spanjaarden / C. Wessels. Franschen en Engelschen ; De Nederlandsche voorcompagnieën / H. Terpstra -- d. 3. De oprichting der Vereenigde Oostindische Compagnie. Der Nederl. Oostindische Compagnie in de Zeventiende Eeuw / F.W. Stapel -- d. 4. de Nederl. Oostindische Compagnie in de Achttiende Eeuw / E.C. Godee Molsbergen. d. 5. De Bataafsche Republiek en de Fransche tijd ; Het Engelsche tusschenbestuur. Het Koninkrijk der Nederlanden / F.W. Stapel. d. 6. De moderne tijd en zijn uitingen in Indië / I.J. Brugmans. 
651 0 |a Indonesia  |x History  |y 1798-1942. 
651 0 |a Indonesia  |x Politics and government  |y 1798-1942. 
651 0 |a Netherlands  |x Colonies  |z Asia. 
700 1 |a Stapel, F.W.  |q (Frederik Willem) 
852 8 |b CARM  |h A1:AN05C0  |i E01933  |p 0416929  |f BK 
852 8 |b CARM  |h A1:AN05C0  |i E01933  |p 0416928  |f BK 
852 8 |b CARM  |h A1:AN05C0  |i E01933  |p 0416932  |f BK 
852 8 |b CARM  |h A1:AN05C0  |i E01933  |p 0416927  |f BK 
082 0 4 |a 959.8  |2 20 
999 f f |i 7c3d39c8-5a94-5656-80dd-90336362fbd2  |s 8b86b4a3-33e3-50fb-82e5-8d10e52ff6dd 
952 f f |p Can circulate  |a CAVAL  |b CAVAL  |c CAVAL  |d CARM 1 Store  |e E01933  |f A1:AN05C0  |h Other scheme  |i book  |m 0416927 
952 f f |p Can circulate  |a CAVAL  |b CAVAL  |c CAVAL  |d CARM 1 Store  |e E01933  |f A1:AN05C0  |h Other scheme  |i book  |m 0416929 
952 f f |p Can circulate  |a CAVAL  |b CAVAL  |c CAVAL  |d CARM 1 Store  |e E01933  |f A1:AN05C0  |h Other scheme  |i book  |m 0416928 
952 f f |p Can circulate  |a CAVAL  |b CAVAL  |c CAVAL  |d CARM 1 Store  |e E01933  |f A1:AN05C0  |h Other scheme  |i book  |m 0416932